| 000 | 00418 a2200157 4500 | ||
|---|---|---|---|
| 003 | Nust | ||
| 005 | 20230202134747.0 | ||
| 040 | _cNust | ||
| 082 | _a927.0954491,AMI | ||
| 100 |
_aShahid M. Amin _9484 |
||
| 245 |
_aPakistan forigen,s policy / _cShahid M. Amin |
||
| 260 |
_aKarachi _bOxford universty press _c2000 |
||
| 300 | _a327 | ||
| 650 |
_aPakistan forigen,S policy _9108528 |
||
| 942 |
_2ddc _cBK _k927.0954491,AMI |
||
| 999 |
_c186956 _d186956 |
||